000 00835nam a22002297a 4500
999 _c4692
_d4692
003 AR-CdUCM
008 190311b ||||| |||| 00| 0 spa d
040 _aMUNICIPALIDAD PROVINCIAL DEL CUSCO
_cBIBLIOTECA MUNICIPAL DEL CUSCO
082 _a974.08 /
_bF61
100 _aFlores Magón, Ricardo
_914577
245 _aLa revolución mexicana /
260 _aMéxico :
_bGrijalbo,
_c1970.
300 _a158 páginas ;
_c18 cm.
440 _aColección 70.
_n74
_914578
505 _aContenido: El revolucionario -- La revolución --México, los Estados Unidos y la patria -- El manifiesto del partido liberal Mexicano.
650 _aHistoria
_9136
650 _aMéxico República
_914579
650 _aLuchas políticas
_914487
700 _aSánchez Rebolledo, Adolfo (nota preliminar)
_914580
942 _2ddc
_cLIBROS
945 _aachl